Score 0/60 Timer 07:00
0 Plays Today
% Correct
LATER
90%
STONE
85.7%
SCARE
84.7%
SKATE
83%
POOLS
78.3%
TIMER
76.7%
CARES
74.4%
SHEAR
73.4%
SHARE
72.7%
BREAD
72.6%
TONES
72.5%
LOOPS
68.9%
TAKES
67.8%
RATED
67.6%
COATS
67.3%
SPOOL
65.3%
PLATE
62.7%
MITER
60.5%
SLOOP
60.4%
NOTES
59.5%
HEARS
59%
TREAD
56.2%
COAST
56%
PLEAT
54.1%
STEAK
54%
STAKE
52.7%
ALTER
51.8%
RACES
50.1%
BEARD
49.7%
SNARE
49.2%
% Correct
HARES
48.4%
TALER
47.4%
PETAL
46.3%
POLOS
45.4%
TARED
43.1%
TRADE
42.1%
BARED
40.9%
NEARS
39.6%
DATER
39.2%
SANER
37.1%
TEAKS
36.8%
MITRE
36.5%
REMIT
35.8%
ACRES
31.7%
TACOS
28.7%
COSTA
26.2%
MERIT
21.7%
LEAPT
21.5%
EARNS
19.4%
ALERT
19.1%
NARES
18.7%
ASCOT
15.5%
DEBAR
10.6%
STENO
10.2%
RATEL
10.2%
ONSET
9.4%
BARDE
8.4%
RHEAS
4.9%
SERAC
1.9%
LEPTA
1.5%
Remove Ads.
Support Sporcle.
Get the best of Sporcle when you Go Orange. This ad-free experience offers more features, more stats, and more fun while also helping to support Sporcle. Thank you for becoming a member.

You're not logged in!

Compare scores with friends on all Sporcle quizzes.
OR
Log In

Show Comments

Extras

Top Quizzes Today


Score Distribution

Your Account Isn't Verified!

In order to create a playlist on Sporcle, you need to verify the email address you used during registration. Go to your Sporcle Settings to finish the process.

Report this User

Report this user for behavior that violates our Community Guidelines.

Details: